000 00393nam a22001697a 4500
005 20160527113502.0
008 160527b xxu||||| |||| 00| 0 eng d
020 _a81-259-1442-0
041 _aeng
082 _b5470
100 _aSigh, Sukhpal
_91366
245 _aRural Marketing
260 _aNew Delhi
_bAcademic Faundation
300 _a136
650 _aManagement
_9241
942 _cBK
999 _c1942
_d1941